Guess The Most Used Letters In The Alphabet- Sudden Death - Statistics

General Stats
  • This quiz has been taken 36 times
  • The average score is 6 of 10
Answers on the Grid
Answers color-coded by a green-red scale on the quiz's grid according to % correct below.
A
B
C
D
E
F
G
H
I
J
K
L
M
N
O
P
Q
R
S
T
U
V
W
X
Y
Z
 
Answer Stats
Answer % Correct
A
93%
E
90%
I
72%
S
69%
O
66%
T
59%
R
41%
N
28%
L
24%
C
21%
No matching quizzes found
Score Distribution
Percent of People with Each Score
Percentile by Number Answered
Your Score History
You have not taken this quiz